| 000 | 00511nam a2200217Ia 4500 | ||
|---|---|---|---|
| 008 | 210210b1961 xxu||||| |||| 00| 0 eng d | ||
| 041 | _aeng | ||
| 082 | _a956/4 | ||
| 100 | _aCALDER (Ritchie) | ||
| 245 | _aInheritors:the study of man and the world he made | ||
| 260 |
_aLondon _bWilliam Heinemann Ltd. _c1961 |
||
| 300 | _a345 | ||
| 650 | _aworld | ||
| 650 | _astudy | ||
| 650 | _aman | ||
| 650 | _amade | ||
| 650 | _aInheritors:the | ||
| 650 | _ahe | ||
| 690 | _aWorld History | ||
| 906 | _a002237 | ||
| 999 |
_c121189 _d121189 |
||